NFL Player's College Team - Hard - Statistics

General Stats
  • This quiz has been taken 286 times
  • The average score is 11 of 18
Answer Stats
Hint Answer % Correct
Carson Wentz North Dakota State
89%
Le'veon Bell Michigan State
86%
Aarond Donald Pittsburgh
85%
Luke Kuechly Boston College
76%
Terrelle Pryor Ohio State
76%
Blake Bortles UCF
74%
Jimmy Garoppolo Eastern Illinois
66%
Matt Cassel USC
65%
Kennan Allen Cal
64%
Calais Campbell Miami
64%
Jacoby Brissett NC State
61%
Jordy Nelson Kansas State
53%
Martavis Bryant Clemson
48%
Jay Ajayi Boise State
44%
Cameron Wake Penn State
41%
Matt Forte Tulane
41%
David Johnson Northern Iowa
35%
Jordan Howard Indiana
31%
No matching quizzes found
Score Distribution
Percent of People with Each Score
Percentile by Number Answered
Your Score History
You have not taken this quiz